Teología de San Pablo
I tiakina i:
| Kaituhi matua: | |
|---|---|
| Hōputu: | Pukapuka |
| Reo: | Pāniora |
| I whakaputaina: |
Madrid
BAC
2008
|
| Putanga: | 1a. ed |
| Ngā marau: | |
| Ngā Tūtohu: |
Tāpirihia he Tūtohu
Kāore He Tūtohu, Me noho koe te mea tuatahi ki te tūtohu i tēnei pūkete!
|
MARC
| LEADER | 00000nam a2200000 a 4500 | ||
|---|---|---|---|
| 001 | UCH2912 | ||
| 003 | CL-VaPUC | ||
| 008 | 090702e20080900SP |||||||||||||||||spa|d | ||
| 020 | |a 9788479149383 | ||
| 082 | 0 | 4 | |a 227 |b BOV |2 21 |
| 100 | |a Bover, José María |e author |9 476510 | ||
| 245 | 1 | 0 | |a Teología de San Pablo |
| 250 | |a 1a. ed | ||
| 300 | |a 852 p | ||
| 942 | |c BK | ||
| 945 | |d 20090702 00:00:00 |a dcastane | ||
| 260 | |a Madrid |b BAC |c 2008 | ||
| 650 | 0 | |a Epístolas |9 321181 | |
| 650 | 0 | |a Mariología |9 365249 | |
| 650 | 0 | |a Eclesiología |9 366152 | |
| 650 | 7 | |a MISTERIOLOGIA |2 CL-VaPUC |9 476511 | |
| 650 | 0 | |a Cristología |9 315091 | |
| 650 | 0 | |a Escatología |9 314395 | |
| 583 | |a last modification |c 20090702 00:00:00 |k Rodrigo Vera | ||
| 999 | |c 334573 |d 334571 | ||
| 952 | |0 0 |1 0 |4 0 |6 227_000000000000000_BOV_2008 |7 0 |8 A |9 423680 |a BIBTEO |b BIBTEO |d 2019-11-22 |i 4569067 |o 227 BOV 2008 |p 4569067 |r 2025-01-17 |w 2019-11-22 |y BK |k ICR | ||